<?xml version="1.0" encoding="UTF-8"?>
<record
    xmlns:xsi="http://www.w3.org/2001/XMLSchema-instance"
    xsi:schemaLocation="http://www.loc.gov/MARC21/slim http://www.loc.gov/standards/marcxml/schema/MARC21slim.xsd"
    xmlns="http://www.loc.gov/MARC21/slim">

  <leader>01060nam a22002417a 4500</leader>
  <controlfield tag="001">38250</controlfield>
  <controlfield tag="003">BD-RjUL</controlfield>
  <controlfield tag="005">20211209052746.0</controlfield>
  <controlfield tag="008">151017s1991    bg a|||| |||| 00| 0 ben d</controlfield>
  <datafield tag="035" ind1=" " ind2=" ">
    <subfield code="a">(BD-RjUL)38355</subfield>
  </datafield>
  <datafield tag="040" ind1=" " ind2=" ">
    <subfield code="a">BD-RjUL</subfield>
    <subfield code="b">eng</subfield>
    <subfield code="c">BD-RjUL</subfield>
  </datafield>
  <datafield tag="041" ind1=" " ind2=" ">
    <subfield code="a">eng</subfield>
  </datafield>
  <datafield tag="082" ind1=" " ind2=" ">
    <subfield code="2">23</subfield>
    <subfield code="a">658.15</subfield>
    <subfield code="b">HOB 1991</subfield>
  </datafield>
  <datafield tag="100" ind1=" " ind2=" ">
    <subfield code="a">&#x9B9;&#x9CB;&#x9B8;&#x9C7;&#x9A8;, &#x9AE;&#x995;&#x9AC;&#x9C1;&#x9B2;</subfield>
    <subfield code="9">118255</subfield>
  </datafield>
  <datafield tag="245" ind1=" " ind2=" ">
    <subfield code="a">&#x9AC;&#x9CD;&#x9AF;&#x9AC;&#x9B8;&#x9BE;&#x9AF;&#x9BC; &#x985;&#x9B0;&#x9CD;&#x9A5;&#x9B8;&#x982;&#x9B8;&#x9CD;&#x9A5;&#x9BE;&#x9A8; /</subfield>
    <subfield code="c">&#x9AE;&#x995;&#x9AC;&#x9C1;&#x9B2; &#x9B9;&#x9CB;&#x9B8;&#x9C7;&#x9A8;, &#x98F;&#x9AE;. &#x99C;&#x9BE;&#x9B9;&#x9BE;&#x999;&#x9CD;&#x997;&#x9C0;&#x9B0; &#x986;&#x9B2;&#x9C0; &#x98F;&#x9AC;&#x982; &#x9AE;&#x9A8;&#x9BF;&#x9B0;&#x9C1;&#x9B2; &#x986;&#x9B2;&#x9AE; &#x9B9;&#x9CB;&#x9B8;&#x9C7;&#x9A8;.</subfield>
  </datafield>
  <datafield tag="260" ind1=" " ind2=" ">
    <subfield code="a">&#x9B0;&#x9BE;&#x99C;&#x9B6;&#x9BE;&#x9B9;&#x9C0; :</subfield>
    <subfield code="b">&#x9AE;&#x9BF;&#x9B8;&#x9C7;&#x9B8; &#x9A8;&#x9BE;&#x99C;&#x9AE;&#x9BE; &#x986;&#x996;&#x9A4;&#x9BE;&#x9B0;,</subfield>
    <subfield code="c">&#x9E7;&#x9EF;&#x9EF;&#x9E7;.</subfield>
  </datafield>
  <datafield tag="300" ind1=" " ind2=" ">
    <subfield code="a">&#x9EA;&#x9EC;&#x9EA; &#x9AA;&#x9C3;. :</subfield>
    <subfield code="b">&#x99A;&#x9BF;&#x9A4;&#x9CD;&#x9B0; ;</subfield>
    <subfield code="c">&#x9E8;&#x9E7; &#x9B8;&#x9C7;&#x9AE;&#x9BF;.</subfield>
  </datafield>
  <datafield tag="650" ind1=" " ind2=" ">
    <subfield code="a">&#x9AC;&#x9CD;&#x9AF;&#x9AC;&#x9B8;&#x9BE;&#x9AF;&#x9BC; </subfield>
    <subfield code="x">&#x985;&#x9B0;&#x9CD;&#x9A5;&#x9B8;&#x982;&#x9B8;&#x9CD;&#x9A5;&#x9BE;&#x9A8;</subfield>
    <subfield code="9">118256</subfield>
  </datafield>
  <datafield tag="650" ind1=" " ind2=" ">
    <subfield code="a">Business enterprises </subfield>
    <subfield code="x">Finance</subfield>
    <subfield code="9">117002</subfield>
  </datafield>
  <datafield tag="700" ind1=" " ind2=" ">
    <subfield code="a">&#x986;&#x9B2;&#x9C0;, &#x98F;&#x9AE;. &#x99C;&#x9BE;&#x9B9;&#x9BE;&#x999;&#x9CD;&#x997;&#x9C0;&#x9B0; </subfield>
    <subfield code="9">118257</subfield>
  </datafield>
  <datafield tag="700" ind1=" " ind2=" ">
    <subfield code="a">&#x9B9;&#x9CB;&#x9B8;&#x9C7;&#x9A8;, &#x9AE;&#x9A8;&#x9BF;&#x9B0;&#x9C1;&#x9B2; &#x986;&#x9B2;&#x9AE; </subfield>
    <subfield code="9">118258</subfield>
  </datafield>
  <datafield tag="942" ind1=" " ind2=" ">
    <subfield code="2">ddc</subfield>
    <subfield code="c">BK</subfield>
  </datafield>
  <datafield tag="999" ind1=" " ind2=" ">
    <subfield code="c">38250</subfield>
    <subfield code="d">38250</subfield>
  </datafield>
  <datafield tag="952" ind1=" " ind2=" ">
    <subfield code="0">0</subfield>
    <subfield code="1">0</subfield>
    <subfield code="2">ddc</subfield>
    <subfield code="4">0</subfield>
    <subfield code="7">0</subfield>
    <subfield code="8">NFIC</subfield>
    <subfield code="a">RUCL</subfield>
    <subfield code="b">RUCL</subfield>
    <subfield code="c">Stack</subfield>
    <subfield code="d">1991-10-12</subfield>
    <subfield code="e">&#x9AE;&#x9A8;&#x9BF;&#x9B0;&#x9C1;&#x9B2; &#x986;&#x9B2;&#x9AE;, &#x9B9;&#x9BF;&#x9B8;&#x9BE;&#x9AC; &#x9AC;&#x9BF;&#x99C;&#x9CD;&#x99E;&#x9BE;&#x9A8;, &#x9B0;&#x9BE;. &#x9AC;&#x9BF;.</subfield>
    <subfield code="g">120.00</subfield>
    <subfield code="l">0</subfield>
    <subfield code="o">B 658.15 HOB 1991</subfield>
    <subfield code="r">2015-10-17 00:00:00</subfield>
    <subfield code="t">C-2</subfield>
    <subfield code="w">2021-12-09</subfield>
    <subfield code="y">BK</subfield>
  </datafield>
</record>
